Govt. of
Madhya Pradesh

Economics Of Value Added Tax (Record no. 13517)

MARC details
000 -LEADER
fixed length control field 005190000a22001930004500
001 - CONTROL NUMBER
control field 001597
003 - CONTROL NUMBER IDENTIFIER
control field MACL
005 - DATE AND TIME OF LATEST TRANSACTION
control field 20150728181410.0
008 - FIXED-LENGTH DATA ELEMENTS--GENERAL INFORMATION
fixed length control field 150728b xxu||||| |||| 00| 0 eng d
040 ## - CATALOGING SOURCE
Original cataloging agency MACL
Transcribing agency MACL
041 ## - LANGUAGE CODE
Language code of text/sound track or separate title English
082 ## - DEWEY DECIMAL CLASSIFICATION NUMBER
Classification number 336.200/MUK
100 ## - MAIN ENTRY--PERSONAL NAME
Personal name Mukhapadhyay, Sukumqar
9 (RLIN) 3031
245 ## - TITLE STATEMENT
Title Economics Of Value Added Tax
Remainder of title Theory & Practice
Statement of responsibility, etc. Sukumqar Mukhapadhyay
260 ## - PUBLICATION, DISTRIBUTION, ETC. (IMPRINT)
Place of publication, distribution, etc. New Delhi
Date of publication, distribution, etc. 2005
Name of publisher, distributor, etc. Centax Publications,
350 ## - PRICE (NR) (BK AM CF MU VM SE) [OBSOLETE]
Price 480
650 ## - SUBJECT ADDED ENTRY--TOPICAL TERM
Topical term or geographic name as entry element Economics
9 (RLIN) 3032
942 ## - ADDED ENTRY ELEMENTS (KOHA)
Call number prefix 336
Koha item type Books
Source of classification or shelving scheme
Holdings
Withdrawn status Lost status Source of classification or shelving scheme Damaged status Not for loan Home library Current library Date acquired Cost, normal purchase price Total Checkouts Full call number Barcode Date last seen Date last checked out Uniform Resource Identifier Price effective from Koha item type
          MACL MACL 15/04/2015 480.00 2 336.200/ CRE017787 02/05/2024 02/01/2020 13392 15/04/2015 Books